000 00921nam0a22002651 4500
001 rc\443375
005 20210528102417.0
010 _a5-08-001334-6
_9300000
035 _a(NLR Aleph) 005689073
090 _a7156139
_c7156139
100 _a20030616d1988 u |0rusy50 ca
101 0 _arus
102 _aRU
105 _aa |||||||||
200 1 _aКомандую флотом!
_eРассказ
_e[О П.П. Шмидте
_eДля дошк. возраста]
_fРоман Сеф
_gХудож. В. Скрылев
210 _aМ.
_cДет. лит.
_d1988
215 _a25, [7] с.
_cцв. ил.
_d24
300 _aПеред вып. дан. авт.: Сеф Роман Семенович
700 1 _aСеф
_bР. С.
_f1931-2009
_gРоман Семенович
_3RU\NLR\AUTH\7732383
_4070
801 0 _aRU
_bNLR
_gpsbo
801 1 _aRU
_bELAR
_2rusmarc
852 _aNLR
_j88-7/1402
942 _cBOOK
980 _aNB